000 00325nam a2200133 a 4500
005 20140414132123.0
008 100722s19uu xx 00 eng d
050 _aER
_bSn674 2006
100 _aPage, Nick
245 _aSnow White.
260 _aHerts :
_bMake Believe Ideas ltd,
_c2006.
300 _a31 p.
999 _c115132
_d115132